[Event "Int. Championship of Central Serbia - OP"]
[Site "Paracin"]
[Date "2011.07.12"]
[Round "6.29"]
[White "Stanojevic, Branko"]
[Black "Perunovic, Ljubivoje"]
[Result "1-0"]
[WhiteElo "2292"]
[BlackElo "2006"]
[PlyCount "107"]
[EventDate "2011.07.08"]

1. d4 c5 2. d5 e5 3. Nc3 d6 4. f4 g6 5. Nf3 Bg7 6. fxe5 dxe5 7. e4 a6 8. Be3 b6
9. a4 Bg4 10. Be2 Nd7 11. Nd2 Bxe2 12. Qxe2 Bh6 13. Nc4 Bxe3 14. Qxe3 Qh4+ 15.
g3 Qh5 16. Nd6+ Ke7 17. Nc4 Ngf6 18. Nxb6 Rab8 19. Nc4 Rb4 20. b3 Kf8 21. Qe2
Qh6 22. O-O Kg7 23. Rf2 Qg5 24. Qf3 Rf8 25. h4 Qg4 26. Raf1 h5 27. Qg2 Rxc4 28.
bxc4 Ne8 29. d6 Qe6 30. Nd5 Nxd6 31. Nc7 Qg4 32. Qf3 Nxe4 33. Rg2 Qxf3 34. Rxf3
Rc8 35. Nd5 Nd6 36. Ne7 Re8 37. Rd2 Rxe7 38. Rxd6 e4 39. Rb3 Ne5 40. Rd5 Nf3+
41. Rxf3 exf3 42. Kf2 Re2+ 43. Kxf3 Rxc2 44. Rxc5 Kf6 45. Ke4 Rc3 46. Rc6+ Ke7
47. Kf4 Kd7 48. Rxa6 Rxc4+ 49. Kf3 Kc7 50. Ra7+ Kb6 51. Rxf7 Rxa4 52. Rf6+ Kc7
53. Rxg6 Kd7 54. Rg5 1-0

[Event "Int. Championship of Central Serbia - OP"]
[Site "Paracin"]
[Date "2011.07.12"]
[Round "6.30"]
[White "Djosic, Slavoljub"]
[Black "Todorovic, Nenad I"]
[Result "1-0"]
[WhiteElo "2213"]
[BlackElo "1884"]
[PlyCount "79"]
[EventDate "2011.07.08"]

1. Nf3 Nf6 2. b3 c5 3. Bb2 e6 4. g3 b6 5. Bg2 Bb7 6. O-O Be7 7. d3 O-O 8. c4 d6
9. Nc3 Nbd7 10. e4 a6 11. Qe2 Qc7 12. Rac1 Ne5 13. Ne1 Nc6 14. Nc2 Nd7 15. Nd1
Bf6 16. Bxf6 Nxf6 17. Nde3 Rad8 18. f4 h6 19. Kh1 Qe7 20. Rfe1 Rfe8 21. Bf3 Qc7
22. Qg2 Re7 23. h4 Nh7 24. h5 Nd4 25. Nxd4 cxd4 26. Nc2 e5 27. Re2 Ree8 28. Rf1
b5 29. Ref2 bxc4 30. bxc4 Bc6 31. Nb4 a5 32. Nxc6 Qxc6 33. Rb2 Nf6 34. Rb5 Nd7
35. g4 exf4 36. g5 Kh8 37. Rg1 Ne5 38. gxh6 g6 39. Qg5 Re6 40. Qxd8+ 1-0

[Event "Int. Championship of Central Serbia - OP"]
[Site "Paracin"]
[Date "2011.07.12"]
[Round "6.31"]
[White "Savic, Dragan"]
[Black "Rotoni, Matteo"]
[Result "0-1"]
[WhiteElo "2160"]
[BlackElo "2180"]
[PlyCount "118"]
[EventDate "2011.07.08"]

1. e4 e6 2. d4 d5 3. e5 c5 4. c3 Nc6 5. Nf3 Qb6 6. dxc5 Bxc5 7. Qc2 Qc7 8. Bb5
a6 9. Bxc6+ bxc6 10. b4 Bb6 11. O-O c5 12. Nbd2 Bd7 13. Qb2 Ne7 14. Re1 O-O 15.
Nb3 Rfb8 16. Bg5 Bb5 17. bxc5 Bxc5 18. Nxc5 Qxc5 19. Qb4 Qxb4 20. cxb4 Nc6 21.
a3 Rc8 22. Be3 Bc4 23. Rab1 Bb5 24. Ra1 Ba4 25. Reb1 f6 26. exf6 gxf6 27. Bc5
Kf7 28. Rb2 e5 29. Kf1 Ke6 30. Ke1 Na7 31. Re2 Nb5 32. Nd4+ Nxd4 33. Bxd4 Rc4
34. Bc5 d4 35. Re4 Rd8 36. f3 Rd7 37. Ra2 Rc1+ 38. Kf2 Kd5 39. g4 Rc3 40. Re1
h5 41. h3 hxg4 42. hxg4 Rh7 43. Rg1 Rh2+ 44. Rg2 Rxg2+ 45. Kxg2 Kc4 46. Kf2 Bc6
47. Be7 Rxf3+ 48. Ke1 d3 49. g5 fxg5 50. Bxg5 Rg3 51. Bd2 Rg1+ 52. Kf2 Rg2+ 53.
Ke1 Re2+ 54. Kd1 Ba4+ 55. Kc1 e4 56. b5 axb5 57. Rb2 e3 58. Bb4 Rxb2 59. Kxb2
d2 0-1

[Event "Int. Championship of Central Serbia - OP"]
[Site "Paracin"]
[Date "2011.07.12"]
[Round "6.32"]
[White "Marjanovic, Dejan"]
[Black "Pantelic, Sasa"]
[Result "1-0"]
[WhiteElo "2153"]
[BlackElo "2364"]
[PlyCount "71"]
[EventDate "2011.07.08"]

1. e4 c5 2. Nf3 d6 3. d4 cxd4 4. Nxd4 Nf6 5. Nc3 g6 6. Be3 Bg7 7. f3 O-O 8. Qd2
Nc6 9. Bc4 Bd7 10. O-O-O Rb8 11. Bb3 Na5 12. Bh6 Bxh6 13. Qxh6 b5 14. h4 e5 15.
Nde2 b4 16. Nd5 Nxb3+ 17. axb3 Nxd5 18. Rxd5 Rb6 19. h5 g5 20. f4 Bg4 21. Nd4
gxf4 22. g3 Kh8 23. gxf4 Qe7 24. fxe5 dxe5 25. Nc6 Re8 26. Rd6 Rxc6 27. Rxc6
Be6 28. Rc7 Qd8 29. Rg1 Rg8 30. Rxg8+ Kxg8 31. Rxa7 Qb8 32. Qe3 h6 33. Ra5 Qd8
34. Qg1+ Kh7 35. Ra7 Qh4 36. Qg6+ 1-0

[Event "Int. Championship of Central Serbia - OP"]
[Site "Paracin"]
[Date "2011.07.12"]
[Round "6.34"]
[White "Bojovic, Dusan"]
[Black "Ratkovic, Milovan"]
[Result "0-1"]
[WhiteElo "2320"]
[BlackElo "2146"]
[PlyCount "80"]
[EventDate "2011.07.08"]

1. e4 c6 2. d4 d5 3. Nd2 dxe4 4. Nxe4 Bf5 5. Ng3 Bg6 6. Bc4 e6 7. N1e2 Bd6 8.
h4 h6 9. Nf4 Bxf4 10. Bxf4 Nf6 11. c3 Nbd7 12. h5 Bh7 13. Bd3 Bxd3 14. Qxd3 Qa5
15. Bd2 Rd8 16. Ne4 Nxe4 17. Qxe4 Nf6 18. Qe2 Qd5 19. Rh4 Qxg2 20. O-O-O Rd5
21. c4 Rf5 22. Be3 Qf3 23. Qxf3 Rxf3 24. Rg1 Rg8 25. d5 cxd5 26. Bxa7 Rf5 27.
Be3 Rxh5 28. Rxh5 Nxh5 29. cxd5 Nf6 30. dxe6 fxe6 31. a4 g5 32. Bd4 Ke7 33. Rh1
Rh8 34. Rh3 h5 35. Rb3 Rc8+ 36. Kd2 Rc7 37. Rh3 Rc4 38. Kd3 Rxa4 39. Bxf6+ Kxf6
40. Rxh5 Rh4 0-1

[Event "Int. Championship of Central Serbia - OP"]
[Site "Paracin"]
[Date "2011.07.12"]
[Round "6.35"]
[White "Pregarac, Valter"]
[Black "Sarenac, Ivan"]
[Result "0-1"]
[WhiteElo "2105"]
[BlackElo "2315"]
[PlyCount "82"]
[EventDate "2011.07.08"]

1. d4 Nf6 2. Nf3 g6 3. Nbd2 d5 4. b4 Bg7 5. e3 O-O 6. c4 a5 7. b5 c5 8. dxc5
Nfd7 9. Rb1 Nxc5 10. Ba3 b6 11. Bxc5 bxc5 12. cxd5 Qxd5 13. Bc4 Qh5 14. O-O Bb7
15. Be2 Rd8 16. Qc2 Qd5 17. Rfd1 Nd7 18. a4 Qe6 19. Rbc1 Nb6 20. Ng5 Qe5 21.
Ngf3 Qb2 22. Nc4 Qxc2 23. Rxd8+ Rxd8 24. Rxc2 Nxa4 25. Nxa5 Be4 26. Rd2 Ra8 27.
Nb3 Rc8 28. Bc4 Bf6 29. Ra2 Nc3 30. Ra7 Bd5 31. Nfd2 Bxc4 32. Nxc4 Nxb5 33. Rd7
Nc7 34. g3 Ne6 35. Kg2 Rb8 36. Nba5 Rb4 37. Kf3 Ra4 38. h4 Bc3 39. Ra7 Kg7 40.
Ke2 Ra2+ 41. Kf3 Be1 0-1

[Event "Int. Championship of Central Serbia - OP"]
[Site "Paracin"]
[Date "2011.07.12"]
[Round "6.36"]
[White "Rodic, Dragan"]
[Black "Livaja, Mario"]
[Result "1/2-1/2"]
[WhiteElo "2063"]
[BlackElo "2267"]
[PlyCount "133"]
[EventDate "2011.07.08"]

1. d4 Nf6 2. Nf3 g6 3. g3 Bg7 4. Bg2 O-O 5. b3 d6 6. Bb2 Nc6 7. O-O e5 8. dxe5
Ng4 9. Nbd2 Ngxe5 10. Nxe5 Nxe5 11. Kh1 Qe7 12. Nf3 Re8 13. Nxe5 dxe5 14. e4
Bd7 15. Qe2 Bc6 16. c4 Rad8 17. Rad1 h5 18. Rxd8 Rxd8 19. Rd1 Rd6 20. h4 Qd7
21. Rxd6 Qxd6 22. Bc3 Bh6 23. Kh2 Bd7 24. Bf3 Bc1 25. Qd1 Qxd1 26. Bxd1 f6 27.
Bc2 Kf7 28. Kg2 Ke6 29. f3 g5 30. hxg5 fxg5 31. c5 Kf6 32. Bd3 Be3 33. Ba5 b6
34. cxb6 cxb6 35. Be1 Be6 36. Kf1 Ke7 37. Bb4+ Kf6 38. Kg2 Bc5 39. Bd2 a5 40.
Bb5 Bd4 41. Be1 Ke7 42. Bd2 Kf6 43. Kh2 Bf7 44. Bd7 Be6 45. Bc6 Bc5 46. Kg2 Bf7
47. Bd7 Ke7 48. Bb5 Kf6 49. Bd7 Bg6 50. Bc6 Bd6 51. Be3 Bc7 52. Bd7 Ke7 53. Bb5
g4 54. Bg5+ Kd6 55. Bd3 gxf3+ 56. Kxf3 Kc5 57. Ke3 Kb4 58. Be7+ Kc3 59. Bc4 a4
60. Bd5 b5 61. bxa4 bxa4 62. Bc6 Bb6+ 63. Kf3 Kd4 64. Ba3 Bc7 65. Bb2+ Kd3 66.
Bb5+ Kc2 67. Ba3 1/2-1/2

[Event "Int. Championship of Central Serbia - OP"]
[Site "Paracin"]
[Date "2011.07.12"]
[Round "6.37"]
[White "Cvetanovic, Uros"]
[Black "Radovanovic, Nikola"]
[Result "1-0"]
[WhiteElo "2232"]
[BlackElo "2096"]
[PlyCount "135"]
[EventDate "2011.07.08"]

1. e4 e5 2. Nf3 Nc6 3. Bc4 Nf6 4. d3 Be7 5. O-O O-O 6. c3 d6 7. Nbd2 h6 8. Re1
Nh7 9. Nf1 Ng5 10. h3 Be6 11. Bb5 f5 12. exf5 Bxf5 13. Nxg5 Bxg5 14. Bxc6 bxc6
15. Bxg5 Qxg5 16. Ng3 Bg6 17. d4 Rab8 18. Re2 exd4 19. Qxd4 c5 20. Qa4 Qf4 21.
Qxf4 Rxf4 22. b3 Re8 23. Rxe8+ Bxe8 24. Re1 Bc6 25. f3 Kf7 26. Kf2 Rf6 27. b4
cxb4 28. cxb4 Bb5 29. Rc1 c6 30. Ra1 d5 31. Ke3 Rg6 32. Kf2 Re6 33. f4 g6 34.
Kf3 Re8 35. Rc1 a5 36. a4 Bc4 37. bxa5 Ra8 38. Rb1 Rxa5 39. Rb4 Ra6 40. f5 Kf6
41. Kf4 g5+ 42. Kg4 Ke5 43. Rb7 c5 44. a5 Bd3 45. Re7+ Kf6 46. Rc7 c4 47. Nh5+
Ke5 48. Re7+ Kd4 49. f6 Ra8 50. f7 Rf8 51. Ng7 Kc5 52. Ne6+ Kd6 53. Nxf8 Kxe7
54. a6 Be4 55. Ne6 Kxf7 56. Nd4 c3 57. a7 c2 58. Nxc2 d4 59. Nxd4 Kg6 60. Kg3
h5 61. Nb5 h4+ 62. Kh2 Bc6 63. Nc7 Kf5 64. a8=Q Bxa8 65. Nxa8 g4 66. hxg4+ Kxg4
67. Nb6 h3 68. g3 1-0

[Event "Int. Championship of Central Serbia - OP"]
[Site "Paracin"]
[Date "2011.07.12"]
[Round "6.38"]
[White "Miladinovic, Lena"]
[Black "Steiner, Bruno"]
[Result "1-0"]
[WhiteElo "2074"]
[BlackElo "2207"]
[PlyCount "83"]
[EventDate "2011.07.08"]

1. d4 Nf6 2. Nf3 d5 3. c4 e6 4. Bg5 h6 5. Bxf6 Qxf6 6. Nc3 Qd8 7. e3 Be7 8. Bd3
O-O 9. O-O dxc4 10. Bxc4 a6 11. Bd3 c5 12. Qe2 cxd4 13. exd4 Bb4 14. Rad1 Bxc3
15. bxc3 Nd7 16. Rfe1 Nf6 17. Ne5 b5 18. Bb1 Bb7 19. Qd3 Qd5 20. f3 Rfd8 21.
Rd2 Rac8 22. Rb2 Ba8 23. a4 bxa4 24. Ba2 Qa5 25. Nxf7 Kxf7 26. Bxe6+ Kf8 27.
Bxc8 Rxc8 28. Re5 Bd5 29. c4 Qc7 30. Qa3+ Kg8 31. cxd5 Qc1+ 32. Kf2 Rc2+ 33.
Re2 Rxe2+ 34. Kxe2 Qc4+ 35. Qd3 Qxd5 36. Qxa6 Qxd4 37. Qe6+ Kh7 38. Qf5+ g6 39.
Rb7+ Kh8 40. Qc8+ Ng8 41. Qc7 Qb2+ 42. Rxb2 1-0

[Event "Int. Championship of Central Serbia - OP"]
[Site "Paracin"]
[Date "2011.07.12"]
[Round "6.39"]
[White "Kalinic, Dusan"]
[Black "Wilke, Werner"]
[Result "0-1"]
[WhiteElo "2009"]
[BlackElo "2198"]
[PlyCount "62"]
[EventDate "2011.07.08"]

1. e4 d6 2. d4 g6 3. Nc3 Bg7 4. Be3 c6 5. Qd2 b5 6. a3 a6 7. h4 h5 8. Be2 Nh6
9. f3 Nd7 10. Nh3 Nb6 11. Nf2 d5 12. g4 hxg4 13. fxg4 Nc4 14. Bxc4 bxc4 15. g5
Ng4 16. Nxg4 Bxg4 17. Qg2 Be6 18. e5 Bf5 19. Kd2 Rb8 20. Rab1 e6 21. Qe2 c5 22.
Bf2 cxd4 23. Bxd4 Rxh4 24. Qe3 Rxh1 25. Rxh1 Rxb2 26. Bc5 Rxc2+ 27. Ke1 Qb8 28.
Bd6 Qb2 29. Nd1 Qb7 30. Qd4 Bd3 31. Nc3 Qb2 0-1

[Event "Int. Championship of Central Serbia - OP"]
[Site "Paracin"]
[Date "2011.07.12"]
[Round "6.40"]
[White "Milovanovic, Srboljub"]
[Black "Ratkovic, Miloje"]
[Result "1/2-1/2"]
[WhiteElo "2196"]
[BlackElo "2132"]
[PlyCount "138"]
[EventDate "2011.07.08"]

1. d4 d5 2. c4 c6 3. Nc3 Nf6 4. Nf3 dxc4 5. a4 Bf5 6. e3 e6 7. Bxc4 Bb4 8. Qb3
Qe7 9. O-O O-O 10. Nh4 Be4 11. Nxe4 Nxe4 12. Nf3 Nd7 13. Rd1 a5 14. Qc2 Nef6
15. Bd2 Rac8 16. Bc3 b5 17. axb5 cxb5 18. Bxb5 Rb8 19. Bd3 Rfc8 20. Qd2 e5 21.
Bxb4 Rxb4 22. Bf5 Rcb8 23. Bxd7 Nxd7 24. dxe5 Nxe5 25. Nxe5 Qxe5 26. Qd8+ Qe8
27. Qxe8+ Rxe8 28. Rxa5 Rxb2 29. Rad5 g6 30. Rd8 Kf8 31. Rxe8+ Kxe8 32. g4 Ke7
33. Kg2 Rb5 34. Ra1 Rg5 35. f3 h5 36. Ra4 hxg4 37. Rxg4 Rb5 38. Ra4 Rf5 39. Kg3
Rg5+ 40. Rg4 Rb5 41. h3 g5 42. f4 gxf4+ 43. Kxf4 Kf6 44. h4 Rb1 45. Rg5 Rf1+
46. Ke4 Rh1 47. Rf5+ Ke6 48. Rf4 Rh3 49. Kd3 f5 50. Ke2 Ke5 51. Kf2 Ke6 52. Ra4
Kf6 53. Ra6+ Kg7 54. Ra4 Kf6 55. Rf4 Ke5 56. Rb4 Kf6 57. Ra4 Ke5 58. Ke2 Kf6
59. Kd3 Ke5 60. Ra5+ Kf6 61. Ra6+ Kg7 62. Ra4 Kf6 63. Ke2 Ke5 64. Kf2 Kf6 65.
Rc4 Ke5 66. Rf4 Ke6 67. Rd4 Ke5 68. Ra4 Kf6 69. Rb4 Ke5 1/2-1/2

[Event "Int. Championship of Central Serbia - OP"]
[Site "Paracin"]
[Date "2011.07.12"]
[Round "6.41"]
[White "Jeremic, Milan"]
[Black "Gajovic, Dragan"]
[Result "0-1"]
[WhiteElo "2172"]
[BlackElo "2121"]
[PlyCount "78"]
[EventDate "2011.07.08"]

1. d4 d6 2. Nf3 g6 3. c4 Bg7 4. e4 c5 5. d5 Nf6 6. Nc3 O-O 7. Be2 e6 8. dxe6
fxe6 9. Bg5 Nc6 10. O-O e5 11. Nd5 Nd4 12. b4 b6 13. a4 Be6 14. b5 Bxd5 15.
exd5 a5 16. Nxd4 cxd4 17. Bg4 Qc7 18. Be6+ Kh8 19. Qe2 Nd7 20. h4 h6 21. Bd2
Nc5 22. Bh3 Rac8 23. Ra3 Qf7 24. Rf3 Qe7 25. Rg3 Rf6 26. Bc1 Nxa4 27. Bg5 hxg5
28. hxg5 Rf5 29. Bxf5 gxf5 30. Qc2 Nc3 31. Rh3+ Kg8 32. Qxf5 Ne2+ 33. Kh1 Nf4
34. Qh7+ Kf8 35. Rf3 Qxg5 36. g3 Qg4 37. Kh2 Qxf3 38. gxf4 Qxf4+ 39. Kg2 Qg4+
0-1

[Event "Int. Championship of Central Serbia - OP"]
[Site "Paracin"]
[Date "2011.07.12"]
[Round "6.44"]
[White "Kolbert, Engelbert"]
[Black "Prijovic, Bojan"]
[Result "1-0"]
[WhiteElo "2161"]
[BlackElo "1957"]
[PlyCount "69"]
[EventDate "2011.07.08"]

1. Nf3 d5 2. d4 Bf5 3. c4 c6 4. cxd5 Qxd5 5. Nc3 Qa5 6. Bd2 Qd8 7. e4 Bg6 8.
Bc4 e6 9. d5 exd5 10. exd5 Bd6 11. O-O Ne7 12. Re1 O-O 13. Bg5 Qc7 14. dxc6
bxc6 15. Qb3 Nc8 16. Rad1 Nb6 17. Rxd6 Qxd6 18. Be7 Qc7 19. Bxf8 Kxf8 20. Nb5
Qd8 21. Qb4+ Kg8 22. Nc7 N8d7 23. Nxa8 Qxa8 24. Bb3 c5 25. Qf4 Qc8 26. Ne5 Nxe5
27. Qxe5 h6 28. Rc1 c4 29. Bxc4 Nxc4 30. Qd4 Qa6 31. Qxc4 Qf6 32. b4 Bf5 33. b5
Be6 34. Qc5 Qb2 35. a4 1-0

[Event "Int. Championship of Central Serbia - OP"]
[Site "Paracin"]
[Date "2011.07.12"]
[Round "6.45"]
[White "Elez, Sinisa"]
[Black "Ivanovic, Andrej"]
[Result "0-1"]
[WhiteElo "2149"]
[BlackElo "2001"]
[PlyCount "80"]
[EventDate "2011.07.08"]

1. d4 Nf6 2. Nf3 g6 3. Nc3 d5 4. Bf4 Bg7 5. h3 O-O 6. e3 c5 7. Be2 Nc6 8. O-O
b6 9. Ne5 Bb7 10. a4 a6 11. Bf3 e6 12. Qd2 Qe7 13. Nxc6 Bxc6 14. a5 b5 15. dxc5
Qxc5 16. Bc7 Nd7 17. e4 d4 18. Ne2 Bb7 19. Bf4 Ne5 20. Bxe5 Qxe5 21. Rfe1 Rac8
22. c3 dxc3 23. Nxc3 Rfd8 24. Qe3 Qd4 25. Qf4 Qb4 26. Ne2 Qxb2 27. Rad1 Qb4 28.
Rxd8+ Rxd8 29. Rc1 e5 30. Qg5 f6 31. Qg4 Qe7 32. h4 Qd7 33. Qg3 Bh6 34. Rf1 Qd3
35. h5 Kg7 36. hxg6 hxg6 37. Qh3 Bc8 38. Qg3 Bg5 39. Nc1 Qa3 40. Ne2 Rh8 0-1

[Event "Int. Championship of Central Serbia - OP"]
[Site "Paracin"]
[Date "2011.07.12"]
[Round "6.46"]
[White "Milosevic, Rade"]
[Black "Colovic, Zoran"]
[Result "1-0"]
[WhiteElo "2105"]
[BlackElo "2154"]
[PlyCount "109"]
[EventDate "2011.07.08"]

1. Nf3 Nf6 2. c4 g6 3. Nc3 Bg7 4. g3 d6 5. Bg2 O-O 6. O-O c6 7. d4 Nbd7 8. h3
Qc7 9. Be3 Re8 10. Qc2 Nb6 11. b3 Bf5 12. Qd2 d5 13. c5 Nbd7 14. Bf4 Qc8 15. g4
Ne4 16. Qe3 Nxc3 17. Qxc3 Be4 18. Ne5 Bxg2 19. Kxg2 Nxe5 20. Bxe5 f6 21. Bg3 e5
22. e3 Qe6 23. Rae1 e4 24. f4 f5 25. g5 b6 26. Rc1 Rec8 27. Rf2 Bf8 28. b4 b5
29. a4 bxa4 30. Ra1 Rcb8 31. Rxa4 Qc8 32. Rfa2 Qb7 33. Qa3 Qb5 34. Rxa7 Rxa7
35. Qxa7 Qxb4 36. Qc7 Qb5 37. Bf2 Rb7 38. Qc8 Rf7 39. Qa6 Qb3 40. Qa4 Qxa4 41.
Rxa4 Rc7 42. Ra8 Kf7 43. Be1 h6 44. h4 hxg5 45. hxg5 Bg7 46. Ba5 Rb7 47. Bb6
Re7 48. Rc8 Re6 49. Rc7+ Kg8 50. Kf2 Kf8 51. Ke2 Kg8 52. Kd2 Bf8 53. Rd7 Be7
54. Bd8 Kf7 55. Kc3 1-0

[Event "Int. Championship of Central Serbia - OP"]
[Site "Paracin"]
[Date "2011.07.12"]
[Round "6.47"]
[White "Draskovic, Luka"]
[Black "Zarkovic, Mila"]
[Result "1/2-1/2"]
[WhiteElo "2135"]
[BlackElo "2015"]
[PlyCount "81"]
[EventDate "2011.07.08"]

1. e4 c5 2. Nf3 e6 3. d4 cxd4 4. Nxd4 Nf6 5. Nc3 d6 6. Be3 Be7 7. f3 O-O 8. Qd2
a6 9. O-O-O Nc6 10. g4 Nxd4 11. Bxd4 b5 12. Kb1 b4 13. Ne2 a5 14. h4 Nd7 15.
Ng3 Ne5 16. Be2 Nc6 17. Be3 Qc7 18. f4 a4 19. g5 b3 20. cxb3 axb3 21. a3 Rd8
22. Qc3 Bd7 23. h5 Qa5 24. Qxa5 Nxa5 25. Rc1 Rdc8 26. Rxc8+ Rxc8 27. Rc1 d5 28.
Rxc8+ Bxc8 29. Bb6 Nc4 30. Bxc4 dxc4 31. Bd4 Bb7 32. Kc1 h6 33. gxh6 gxh6 34.
Kd2 Bh4 35. Bf2 Bxg3 36. Bxg3 Bxe4 37. Kc3 Bd5 38. Kd4 Kg7 39. f5 Kf6 40. fxe6
fxe6 41. Bf4 1/2-1/2

[Event "Int. Championship of Central Serbia - OP"]
[Site "Paracin"]
[Date "2011.07.12"]
[Round "6.48"]
[White "Jovanovic, Miroslav O"]
[Black "Grbic, Branko"]
[Result "0-1"]
[WhiteElo "2135"]
[BlackElo "1922"]
[PlyCount "80"]
[EventDate "2011.07.08"]

1. d4 Nf6 2. c4 e6 3. Nf3 b6 4. g3 Bb7 5. Bg2 d5 6. O-O Be7 7. cxd5 exd5 8. Bg5
O-O 9. Nc3 Nbd7 10. Rc1 h6 11. Bxf6 Nxf6 12. Qb3 Re8 13. Rfd1 c6 14. e3 Bd6 15.
a3 Qd7 16. Qa4 Qe7 17. Nh4 Qe6 18. Qc2 Bc8 19. Nb1 Bd7 20. Nd2 Rac8 21. b4 c5
22. dxc5 bxc5 23. bxc5 Rxc5 24. Qd3 Rec8 25. Rxc5 Bxc5 26. Nhf3 Ba4 27. Rc1 Bd6
28. Ra1 Rc7 29. Nd4 Qc8 30. Ne2 Be5 31. Ra2 Bc2 32. Qb5 Rc5 33. Qb4 a5 34. Qh4
Bd3 35. Bf1 Ne4 36. Nxe4 dxe4 37. Kg2 Bf6 38. Qf4 h5 39. h4 Be5 40. Qg5 Bd6 0-1

[Event "Int. Championship of Central Serbia - OP"]
[Site "Paracin"]
[Date "2011.07.12"]
[Round "6.49"]
[White "Osmanovic, Faruk"]
[Black "Zekaj, Dritan"]
[Result "1-0"]
[WhiteElo "2053"]
[BlackElo "2120"]
[PlyCount "85"]
[EventDate "2011.07.08"]

1. e4 e5 2. Nf3 Nc6 3. Bc4 Nf6 4. Ng5 d5 5. exd5 b5 6. dxc6 bxc4 7. Nc3 h6 8.
Nge4 Nxe4 9. Nxe4 Qd5 10. Qe2 Bf5 11. f3 Bb4 12. O-O O-O 13. Kh1 Rad8 14. b3
cxb3 15. axb3 Qxc6 16. c3 Be7 17. Ba3 Bxa3 18. Rxa3 Qd5 19. Rf2 Rd7 20. b4 Bxe4
21. Qxe4 Qb5 22. h3 f6 23. Rxa7 Qb6 24. Qc4+ Rff7 25. Qc5 Qe6 26. Ra8+ Kh7 27.
Ra1 Qb3 28. Qa5 Qc2 29. Qa2 Qg6 30. Re1 Rd3 31. Re3 Rd6 32. f4 exf4 33. Rxf4
Rfd7 34. d4 Qg5 35. Qc2+ g6 36. Rg4 Qh5 37. Rge4 Qb5 38. Re7+ Rxe7 39. Rxe7+
Kh8 40. Qxg6 Qf1+ 41. Kh2 Qf4+ 42. Qg3 Qxg3+ 43. Kxg3 1-0

[Event "Int. Championship of Central Serbia - OP"]
[Site "Paracin"]
[Date "2011.07.12"]
[Round "6.50"]
[White "Shabanaj, Eglantina"]
[Black "Uyanik, Mehmet"]
[Result "0-1"]
[WhiteElo "2084"]
[BlackElo "1719"]
[PlyCount "97"]
[EventDate "2011.07.08"]

1. e4 c5 2. Nf3 d6 3. d4 cxd4 4. Nxd4 Nf6 5. Nc3 a6 6. Be3 Ng4 7. Qd2 e6 8. Be2
Nxe3 9. Qxe3 Be7 10. O-O Nc6 11. Nb3 Bd7 12. f4 Rc8 13. a3 O-O 14. Rad1 Qc7 15.
Kh1 Bf6 16. g4 Ne7 17. Rf3 Ng6 18. g5 Bxc3 19. bxc3 Bc6 20. Nd4 Bd7 21. Qf2 Qa5
22. c4 e5 23. Nb3 Qc7 24. f5 Nf4 25. Rxf4 exf4 26. Qxf4 Rfe8 27. Bd3 Re5 28. f6
Bc6 29. Nd4 Rce8 30. Re1 Qa5 31. Nf3 Rf5 32. Qd2 Qxd2 33. Nxd2 Rxg5 34. fxg7
Kxg7 35. Rg1 Rxg1+ 36. Kxg1 Re5 37. Nf3 Ra5 38. Nd4 Kf6 39. Nf5 Ke5 40. Kf2
Rxa3 41. Ke3 Bxe4 42. Nh6 Bxd3 43. cxd3 Kf6 44. Ke4 Ra2 45. Kd5 Rg2 46. h3 a5
47. Ng4+ Rxg4 48. hxg4 a4 49. Kd4 0-1

[Event "Int. Championship of Central Serbia - OP"]
[Site "Paracin"]
[Date "2011.07.12"]
[Round "6.51"]
[White "Gjergji, Rozana"]
[Black "Bolt, Graham"]
[Result "0-1"]
[WhiteElo "1937"]
[BlackElo "2074"]
[Annotator "Milojevic,Boban"]
[PlyCount "40"]
[EventDate "2011.07.08"]

1. e4 g6 2. d4 Bg7 3. c3 d6 4. f4 e5 5. Nf3 Bg4 6. Be2 exd4 7. cxd4 Nc6 8. Be3
Nf6 9. Nc3 O-O 10. O-O d5 11. e5 Ne4 12. Nd2 Bxe2 13. Qxe2 Nxd2 14. Qxd2 Qd7
15. Rf3 Ne7 16. Raf1 f6 17. Qf2 b6 18. Rh3 Qg4 19. Qc2 fxe5 20. Bf2 exf4 {...
necitko} 0-1

[Event "nt. Championship of Central Serbia - O"]
[Site "?"]
[Date "2011.07.12"]
[Round "6.23"]
[White "Popovic, Djordje"]
[Black "Weinzettl, Ernst"]
[Result "1/2-1/2"]
[WhiteElo "2259"]
[BlackElo "2335"]
[PlyCount "74"]
[EventDate "2011.07.22"]
[SourceDate "2011.07.22"]

1. d4 Nf6 2. c4 g6 3. Nc3 Bg7 4. e4 d6 5. Be2 O-O 6. Nf3 e5 7. O-O Nc6 8. d5
Ne7 9. Ne1 Nd7 10. Nd3 f5 11. Bd2 fxe4 12. Nxe4 Nf5 13. f3 Bh6 14. Bxh6 Nxh6
15. g4 Nf6 16. Ndf2 Nxe4 17. Nxe4 Rf4 18. h3 Nf7 19. Kg2 Ng5 20. Ng3 Qe7 21.
Bd3 Bd7 22. Ne2 Rxf3 23. Rxf3 Nxf3 24. Kxf3 Rf8+ 25. Kg2 e4 26. Nc3 exd3 27.
Qxd3 a6 28. Rf1 Rxf1 29. Kxf1 b5 30. cxb5 axb5 31. a3 Qf6+ 32. Kg2 h5 33. Qf3
Kg7 34. Qe4 hxg4 35. hxg4 Qh4 36. Qd4+ Kh7 37. Qf4 Kg7 1/2-1/2